Ucchattar madhyamic shiksha (Record no. 7101)

MARC details
000 -LEADER
fixed length control field 00466cam a2200205ua 4500
001 - CONTROL NUMBER
control field 7987
005 - DATE AND TIME OF LATEST TRANSACTION
control field 20260515114258.0
008 - FIXED-LENGTH DATA ELEMENTS--GENERAL INFORMATION
fixed length control field 150103n ii |||gr||||Z||||||asm
020 ## - INTERNATIONAL STANDARD BOOK NUMBER
International Standard Book Number 9788191069068
040 ## - CATALOGING SOURCE
Transcribing agency MAIN
041 ## - LANGUAGE CODE
Language code of text/sound track or separate title asm
082 ## - DEWEY DECIMAL CLASSIFICATION NUMBER
Classification number 370
100 ## - MAIN ENTRY--PERSONAL NAME
Personal name Borua, J.,
Relator term Author.,
245 1# - TITLE STATEMENT
Title Ucchattar madhyamic shiksha
Statement of responsibility, etc. By Jatin Borua
250 ## - EDITION STATEMENT
Edition statement 3rd.
260 ## - PUBLICATION, DISTRIBUTION, ETC.
Place of publication, distribution, etc. Guwahati:
Name of publisher, distributor, etc. Arun,
Date of publication, distribution, etc. 2013.
300 ## - PHYSICAL DESCRIPTION
Extent 499p.
653 ## - INDEX TERM--UNCONTROLLED
Uncontrolled term Education
942 ## - ADDED ENTRY ELEMENTS (KOHA)
Koha item type Books
Holdings
Withdrawn status Lost status Damaged status Not for loan Home library Current library Date acquired Total checkouts Full call number Barcode Date last seen Date last checked out Copy number Price effective from Koha item type
        Naharkatiya College Library Naharkatiya College Library 09/19/2020 8 370 | BOR 19438 03/27/2023 03/27/2023 5 09/19/2020 Books
        Naharkatiya College Library Naharkatiya College Library 09/19/2020 4 370 | BOR 19439 03/12/2022 03/11/2022 4 09/19/2020 Books
        Naharkatiya College Library Naharkatiya College Library 09/19/2020 10 370 | BOR 19440 10/17/2023 09/23/2023 3 09/19/2020 Books
        Naharkatiya College Library Naharkatiya College Library 09/19/2020   370 | BOR 22676 09/24/2021   2 09/19/2020 Books
        Naharkatiya College Library Naharkatiya College Library 09/19/2020   370 | BOR 22677 09/19/2020   1 09/19/2020 Books